01032nam a2200277 a 45000010008000000030004000080050017000120080041000290100017000700200015000870400013001020420010001150430012001250820015001372450075001522600142002273000045003695040054004146100048004686500022005166500032005386510042005707100049006127100050006617100043007112155859OSt20230620163805.0981029s1998 ke a bs 000 0 eng  a 98981729  a9966996117 aDLCcDLC alcode af-ke---00a324.9bIED00aReport on the 1997 general elections in Kenya :b29-30 December, 1997. aNairobi :bInstitute for Education in Democracy :bCatholic Justice and Peace Commission :bNational Council of Churches of Kenya,c1998. aix, 260 p. :bill. (some col.) ;c30 cm. aIncludes bibliographical references (p. 259-260).10aKenya.bNational AssemblyxElections, 1997. 0aElectionszKenya. 0aElection monitoringzKenya. 0aKenyaxPolitics and governmenty1978-2 aInstitute for Education in Democracy (Kenya)2 aCatholic Justice and Peace Commission (Kenya)2 aNational Council of Churches of Kenya.